000 00586nam a2200205 a 4500
001 000006491
005 20260202095302.0
008 090831s2006 dr 000 0 spa d
020 _a9945160281
040 _aDO-SdBNP
_bspa
_cBNPHU
082 _a291.4
_bR741e
100 1 _aRojas, Frank
_91801
245 1 3 _aLa espada del soldado espiritual /
_cFrank Rojas.
260 _aSanto Domingo :
_bBúho,
_c2006.
300 _a172 p. ;
_c22 cm.
650 0 _aEspiritualidad
_9613
650 0 _aVida espiritual
_9268
650 4 _aDirección espiritual
_96470
650 0 _aPoesía dominicana
_966
999 _c6282
_d6282